00938nam a22002778a 450000500170000000800410001701000140005802000260007202000150009803500130011303700150012604000180014108200110015910000140017024501020018425000120028626000500029830000290034850000200037765000280039765000200042565000300044594200250047599900170050095201430051720080609142458.0080606s2009 mau 001 0 eng  aENG-91247 a9780070668805c399.00 a0070668809 aEN-74780 bDBAD / PUB adplbEnglish  a629.89 aGopal, M. aDigital control and state variable methods:bconventional and intelligent systems /cby M. Gopal  a3rd ed  aNew Delhi bTata McGraw-Hill publishingc2009 axiii, 785p.c24cm (pbk)  aIncludes index. aDigital control systems aSystem analysis aMathematical optimization 2ddccENmGOPh629.89 c16451d16451 00102ddc40718NFICaDBADbDBADd2008-10-10eDBAD / PUBg399.00l0o629.89 GOPpEN-74780r2008-10-10 00:00:00t1v399.00w2008-10-10yEN